| 000 | 00457nam a2200157Ia 4500 | ||
|---|---|---|---|
| 008 | 210210b2005 xxu||||| |||| 00| 0 eng d | ||
| 020 | _a81 229 0185 9 | ||
| 082 | _a070.1 HACW | ||
| 100 | _aHACHTEN (William A) and SCOTTON (James F). | ||
| 245 | _aWorld news prism: global media in an era of terrorism. | ||
| 260 |
_aDelhi _bSurjeet publications _c2005 |
||
| 300 | _axxi,205 | ||
| 650 | _aNews Media Terrorism | ||
| 690 | _aJournalism | ||
| 906 | _a059903 | ||
| 999 |
_c106774 _d106774 |
||